Talas-e-Haqiqat (Record no. 525544)

000 -LEADER
fixed length control field 00551nam a22001937a 4500
003 - CONTROL NUMBER IDENTIFIER
control field NUST
005 - DATE AND TIME OF LATEST TRANSACTION
control field 20190703050617.0
038 ## - RECORD CONTENT LICENSOR
Staff Name Faiza
082 ## - DEWEY DECIMAL CLASSIFICATION NUMBER
Classification number 297.11
Author Mark SUL
100 ## - MAIN ENTRY--PERSONAL NAME
Personal name Sultan Bashir Mehmood
9 (RLIN) 16445
245 ## - TITLE STATEMENT
Title Talas-e-Haqiqat
Remainder of title (In Search of Reality) /
Statement of responsibility, etc. Sultan Bashir Mehmood
250 ## - EDITION STATEMENT
Edition statement 3rd ed.
260 ## - PUBLICATION, DISTRIBUTION, ETC.
Place of publication, distribution, etc. Islamabad:
Name of publisher, distributor, etc. Darul hikmat International,
Date of publication, distribution, etc. 2008.
300 ## - PHYSICAL DESCRIPTION
Extent 176p. ;
500 ## - GENERAL NOTE
General note Hard Cover
880 ## - ALTERNATE GRAPHIC REPRESENTATION
Linkage 100-01\r
Title سلطان بشیر محمود
880 ## - ALTERNATE GRAPHIC REPRESENTATION
Linkage 245-02\r
Title /تلاشِ حقیقت
942 ## - ADDED ENTRY ELEMENTS (KOHA)
Source of classification or shelving scheme
Koha item type Book
Holdings
Withdrawn status Lost status Source of classification or shelving scheme Damaged status Not for loan Permanent Location Current Location Shelving location Date acquired Total Checkouts Full call number Barcode Date last seen Price effective from Koha item type
          Central Library (CL) Central Library (CL) First Floor - Islam 07/03/2019   297.11 SUL CL-E-524 07/03/2019 07/03/2019 Book
© 2023 Central Library, National University of Sciences and Technology. All Rights Reserved.